Sistemas silvopastoriles : (Registro nro. 4397)
[ vista simple ]
| 000 -CABECERA | |
|---|---|
| Campo de control | 00773 am a2200229 a 4500 |
| 005 - FECHA Y HORA DE LA ULTIMA TRANSACCION | |
| Campo de control | 20150924130915.0 |
| 008 - ELEMENTOS DE LONGITUD FIJA—INFORMACION GENERAL | |
| Campo de control | 110510s2004 ck a r 001 0 spa d |
| 020 ## - ISBN | |
| ISBN | 958938644X |
| 040 ## - FUENTE DE CATALOGACIÓN | |
| Agencia catalogadora original | CO-BoFUB |
| Agencia transcriptora | CO-BoIAVH |
| 041 1# - IDIOMA | |
| Código de idioma para texto/pista de sonido o título separado | Español |
| 082 04 - NUMERO DE CLASIFICACION DECIMAL DEWEY | |
| Número de clasificación | 631.58 |
| 110 ## - ASIENTO PRINCIPAL--NOMBRE CORPORATIVO | |
| Nombre corporativo o de jurisdicción como elemento de entrada | Cipav - Colciencias |
| 245 00 - MENCION DE TITULO | |
| Título | Sistemas silvopastoriles : |
| Parte restante del título | establecimiento y manejo |
| Mención de responsabilidad | investigacion y textos Ruben G. Espinel M. ... [et al.] |
| 260 ## - PUBLICACION, DISTRIBUCION, ETC. (PIE DE IMPRENTA) | |
| Lugar de publicación, distribución, etc. | Cali : |
| Nombre del editor, distribuidor, etc. | Fundacion CIPAV, |
| Fecha de publicación, distribución, etc. | 2004. |
| 300 ## - DESCRIPCION FISICA | |
| Extensión | 167 p. : |
| Otros detalles físicos | fotos. ; |
| Dimensiones | 22 cm. |
| 504 ## - NOTA DE BIBLIOGRAFIA, ETC. | |
| Nota de bibliografía | Incluye lecturas recomendadas p. 157-167 |
| 650 #7 - ASIENTO SECUNDARIO DE MATERIA - TERMINO TEMATICO | |
| Término temático o nombre geográfico como elemento de entrada | Propagación de Arboles |
| 650 #7 - ASIENTO SECUNDARIO DE MATERIA - TERMINO TEMATICO | |
| Término temático o nombre geográfico como elemento de entrada | Sistemas agrícolas integrados |
| 650 #7 - ASIENTO SECUNDARIO DE MATERIA - TERMINO TEMATICO | |
| Término temático o nombre geográfico como elemento de entrada | Cultivo Integrado |
| 700 1# - ASIENTO SECUNDARIO - NOMBRE PERSONAL | |
| Nombre personal | Espinel M., Ruben G. |
| 942 ## - ELEMENTOS ADICIONALES (KOHA) | |
| Sistema de clasificación | Dewey Decimal Classification |
| Tipo de ítem | Libro |
| Withdrawn status | Lost status | Sistema de Clasificación | Damaged status | No para préstamo | Colección | Fecha publicación (Año) | Inventariado | Ubicación Permanente | Ubicación actual | Fecha de adquisición | Fuente de Valor | Valor | Total Checkouts | Número topográfico | Inventario / Código de Barras | Date last seen | Ejemplar | Price effective from | Forma de adquisición | Tipo de material |
|---|---|---|---|---|---|---|---|---|---|---|---|---|---|---|---|---|---|---|---|---|
| Dewey Decimal Classification | General | 2004 | Inventariado 2017 | Bogotá | Bogotá | 24/09/2015 | Instituto | 15000.00 | LB-631.58 E775s | 017816 | 04/12/2012 | Ej.1 | 04/12/2012 | Libro | ||||||
| Dewey Decimal Classification | General | 2004 | Inventariado 2017 | Bogotá | Bogotá | 17/08/2007 | Instituto | 15000.00 | LB-631.58 E775s | 025065 | 04/12/2012 | Ej.3 | 04/12/2012 | Libro | ||||||
| Dewey Decimal Classification | Procesos Técnicos | General | Inventariado 2017 | Sala Fabio Quevedo | Sala Fabio Quevedo | 17/08/2007 | Instituto | 15000.00 | LB-631.58 E775s | 025064 | 04/12/2012 | Ej.2 | 04/12/2012 | Libro |